ပပ်ႉႁဵၼ်းလိၵ်ႈတႆးမႂ်ႇၸၼ်ႉႁႃႈ။ (Record no. 23416)

000 -LEADER
fixed length control field 00785nam a22001937a 4500
003 - CONTROL NUMBER IDENTIFIER
control field OSt
005 - DATE AND TIME OF LATEST TRANSACTION
control field 20260128093211.0
008 - FIXED-LENGTH DATA ELEMENTS--GENERAL INFORMATION
fixed length control field 230320b ||||| |||| 00| 0 eng d
040 ## - CATALOGING SOURCE
Transcribing agency Ost
041 ## - LANGUAGE CODE
Language code of text/sound track or separate title Shan
082 ## - DEWEY DECIMAL CLASSIFICATION NUMBER
Classification number 375
245 ## - TITLE STATEMENT
Title ပပ်ႉႁဵၼ်းလိၵ်ႈတႆးမႂ်ႇၸၼ်ႉႁႃႈ။
Statement of responsibility, etc. လုမ်းပၢႆးပၺႃႇမိူင်းတႆး ပေႃႉပိုၼ်ဢွၵ်ႇ-
260 ## - PUBLICATION, DISTRIBUTION, ETC.
Place of publication, distribution, etc. ယၼ်ႇၵုင်ႇ
Name of publisher, distributor, etc. တိူၵ်ႈပေႃႉလိၵ်ႈတႆးလႅင်း
Date of publication, distribution, etc. 1964
300 ## - PHYSICAL DESCRIPTION
Extent 248 ၼႃႈ
Other physical details ႁၢင်ႈ (သီ)
Dimensions 18 ၸိၼ်ႇထီႇ
500 ## - GENERAL NOTE
General note S-SAT: Dr. Prof Sai Aung Tun
650 ## - SUBJECT ADDED ENTRY--TOPICAL TERM
Topical term or geographic name entry element ပပ်ႉၵၢၼ်ႁဵၼ်း
942 ## - ADDED ENTRY ELEMENTS (KOHA)
Koha item type Books (Long term)
650 ## - SUBJECT ADDED ENTRY--TOPICAL TERM
9 (RLIN) 7196
Source of classification or shelving scheme
Holdings
Withdrawn status Lost status Source of classification or shelving scheme Damaged status Not for loan Collection Code Permanent Location Current Location Shelving location Date acquired Total Checkouts Full call number Barcode Date last seen Copy number Price effective from Koha item type Accession Date last checked out
            Shan State Buddhist University Library Shan State Buddhist University Library Tai Shelves 20/03/2023   375 ပပ်ႉ ႓႓(1) SH00000033 20/03/2023 1 20/03/2023 Books (Long term) ႓႓(1)  
          Tai Collection Shan State Buddhist University Library Shan State Buddhist University Library Tai Shelves 20/03/2023 12 375 ပပ်ႉ ႗႑(2) SH00000071 07/11/2025 2 20/03/2023 Books (Long term) ႗႑(2) 17/10/2025
            Shan State Buddhist University Library Shan State Buddhist University Library Special Collection Shelves 20/03/2023   375 ပပ်ႉ ႒႓႗႙ S-SAT SH00002379 20/03/2023 3 20/03/2023 Book (Short term) ႒႓႗႙ S-SAT  

Library - 09407999929
Admin Office - 09407999979
Dean Office - 09250910768
Registrar Office - 09892297154
Email - [email protected]
Shan State Buddhist University, Phaya Phyu Taunggyi, Shan State, Myanmar.